REPORT (Record no. 31260)

MARC details
000 -LEADER
fixed length control field 00312nam a22001217a 4500
003 - CONTROL NUMBER IDENTIFIER
control field SGT
082 ## - DEWEY DECIMAL CLASSIFICATION NUMBER
Classification number 364.1323
Item number LSS
100 ## - MAIN ENTRY--PERSONAL NAME
Personal name LOK SABHA SECRETARIAT
245 ## - TITLE STATEMENT
Title REPORT
Remainder of title JOINT COMMITTEE TO ENQUIRE INTO BOFORS CONTRACT
260 ## - PUBLICATION, DISTRIBUTION, ETC. (IMPRINT)
Place of publication, distribution, etc NEW DELHI
Name of publisher, distributor, etc LOK SABHA SECRETARIAT
Year of Publication 1988
300 ## - PAGE DESCRIPTION
No. of Pages 238
942 ## - ADDED ENTRY ELEMENTS (KOHA)
Source of classification or shelving scheme Dewey Decimal Classification
Koha item type Books
Holdings
Withdrawn status Lost status Source of classification or shelving scheme Damaged status Not for loan Collection code Home library Current library Shelving location Date acquired Cost, normal purchase price SGTU Total Checkouts Full call number Accession No. (Barcode) Date last seen Bill Date Koha item type
    Dewey Decimal Classification   Not For Loan LAW SGT Science & Social Sciences Library SGT Science & Social Sciences Library Reference Book 05/06/2025 50.00 SGTU   364.1323 LSS FL3831 05/06/2025 05/06/2025 Books